Geography Series #27 - Statistics

General Stats
  • This quiz has been taken 41 times
  • The average score is 9 of 10
Answer Stats
10 Southernmost Countries % Correct
Argentina
100%
Australia
100%
New Zealand
100%
Chile
98%
South Africa
98%
Brazil
78%
Lesotho
78%
Uruguay
76%
Paraguay
71%
Namibia
66%
No matching quizzes found
Score Distribution
Percent of People with Each Score
Percentile by Number Answered
Your Score History
You have not taken this quiz